Sok hasznos tanáccsal látták el a Falemezgyár vezetőit és munkásait a szovjet vendégek
Elmentve itt :
| Dokumentumtípus: | Cikk |
|---|---|
| Megjelent: |
1958-04-18
|
| Sorozat: | Délmagyarország
|
| Kulcsszavak: | Faipar Szeged 1958, Gyárlátogatás Szeged 1958, Küldöttség szovjet Szeged 1958 |
| Online Access: | http://dmarchiv.bibl.u-szeged.hu/53735 |
| LEADER | 00521nab a2200145 i 4500 | ||
|---|---|---|---|
| 001 | delm53735 | ||
| 005 | 20180927141918.0 | ||
| 008 | 180927s1958 hu o 0|| hun d | ||
| 040 | |a SZTE Délmagyarország Archívum |b hun | ||
| 041 | |a hun | ||
| 245 | 0 | 0 | |a Sok hasznos tanáccsal látták el a Falemezgyár vezetőit és munkásait a szovjet vendégek |h [elektronikus dokumentum] |
| 260 | |c 1958-04-18 | ||
| 300 | |a 5 | ||
| 490 | 0 | |a Délmagyarország | |
| 695 | |a Faipar Szeged 1958, Gyárlátogatás Szeged 1958, Küldöttség szovjet Szeged 1958 | ||